| 000 | 00701nam a22002057a 4500 | ||
|---|---|---|---|
| 999 |
_c19390 _d19390 |
||
| 003 | AR-CdUCM | ||
| 008 | 190517b ||||| |||| 00| 0 spa d | ||
| 040 |
_aMUNICIPALIDAD PROVINCIAL DEL CUSCO _cBIBLIOTECA MUNICIPAL DEL CUSCO |
||
| 082 |
_a344 / _bE2 |
||
| 100 |
_aEspino Perez, Julio D. _940701 |
||
| 245 |
_aCódigo penal : _bConcordancias / |
||
| 260 |
_aLima : _bCuzco, _c1988. |
||
| 300 |
_a750 páginas ; _c25 cm. |
||
| 505 | _aContenido : Garantías de la ley penal -- Delitos contra la vida -- Delitos contra la libertad... | ||
| 650 |
_aGarantias penales _940702 |
||
| 650 |
_aVigencia de codigo penal _940703 |
||
| 650 |
_aReparacion civil _928512 |
||
| 942 |
_2ddc _cLIBROS |
||
| 945 | _arcc | ||